00299nam a2200121Ia 4500008004100000041000900041082001800050100002600068245003100094260003600125300000800161650000800169230718s9999 xx 000 0 und d aEng. a340.59bM. -P aM. A Sir, Abdul Rahim 0aPrinciple of Jurisprudence aPakistanbPunjab law bookc2010 a443 aLaw